00545nam a2200169Ia 4500008004100000041000800041082001700049100001600066245003000082260002000112300000800132365001600140700001600156906002500172999001900197952015900216230718s9999 xx 000 0 und d aeng a629.8'3bBAK aBakshi U.A. aAutomatic Control Systems c2001bTechancal a756 cRs.b290.00 aBakshi U.A. dB:-22-Jan-2007cINST c315870d315870 01104070aCCEPbCCEPd2007-01-23eDonated by karmarkar mugdhafINSTg290.00o629.8'3pCCEP-BK-27077r2023-07-18 00:00:00v290.00w2007-01-03yBKz027077